New Testament survey / (Record no. 6861)
[ view plain ]
| 000 -LEADER | |
|---|---|
| fixed length control field | 00581cam a22001931a 4500 |
| 001 - CONTROL NUMBER | |
| control field | 9381815 |
| 005 - DATE AND TIME OF LATEST TRANSACTION | |
| control field | 20250708123318.0 |
| 008 - FIXED-LENGTH DATA ELEMENTS--GENERAL INFORMATION | |
| fixed length control field | 930420s1963 ilub b 000 0 eng |
| 020 ## - INTERNATIONAL STANDARD BOOK NUMBER | |
| International Standard Book Number | 0910566038 |
| 020 ## - INTERNATIONAL STANDARD BOOK NUMBER | |
| International Standard Book Number | 9780910566032 |
| 050 00 - LIBRARY OF CONGRESS CALL NUMBER | |
| Classification number | BS2330.2 |
| Item number | .D8 |
| 100 1# - MAIN ENTRY--PERSONAL NAME | |
| Personal name | Dunnett, Walter M. |
| 245 10 - TITLE STATEMENT | |
| Title | New Testament survey / |
| Statement of responsibility, etc. | Walter M. Dunnett. |
| 260 ## - PUBLICATION, DISTRIBUTION, ETC. | |
| Place of publication, distribution, etc. | Wheaton, Ill. : |
| Name of publisher, distributor, etc. | Evangelical Teacher Training Association, |
| Date of publication, distribution, etc. | c1963. |
| 300 ## - PHYSICAL DESCRIPTION | |
| Extent | 94 p. : |
| Other physical details | maps ; |
| Dimensions | 22 cm. |
| 440 #0 - SERIES STATEMENT/ADDED ENTRY--TITLE | |
| Title | Broadening your biblical horizons |
| 710 2# - ADDED ENTRY--CORPORATE NAME | |
| Corporate name or jurisdiction name as entry element | Evangelical Training Assoc. |
| 942 ## - ADDED ENTRY ELEMENTS (KOHA) | |
| Source of classification or shelving scheme | Library of Congress Classification |
| Koha item type | Books |
| Suppress in OPAC | No |
| 999 ## - | |
| -- | 6861 |
| -- | 6861 |
| Withdrawn status | Lost status | Source of classification or shelving scheme | Damaged status | Not for loan | Collection | Home library | Current library | Shelving location | Date acquired | Total checkouts | Full call number | Barcode | Date last seen | Copy number | Price effective from | Koha item type |
|---|---|---|---|---|---|---|---|---|---|---|---|---|---|---|---|---|
| Library of Congress Classification | Non-fiction | Undergraduate Library (Christ Temple) | Undergraduate Library (Christ Temple) | General stacks | 07/08/2025 | BS 2408 DUN | ulct00003705 | 07/08/2025 | 1 | 07/08/2025 | Books |